000 00310nam a2200121Ia 4500
005 20251222154423.0
008 251222s9999||||xx |||||||||||||| ||spa||
020 _a84-7758-915-1
082 _aREF.030/M26
100 _a"Martí Pons, Manuel"
245 0 _aNueva enciclopedia temética Biblos 2000
942 _cLIB
999 _c36096
_d36096